| 000 | 00949nac a22002417a 4500 | ||
|---|---|---|---|
| 001 | BR7702857 | ||
| 003 | BR-BrBNA | ||
| 005 | 20240205141528.0 | ||
| 008 | 230509b bl.|||m| |||| 00| 0 por d | ||
| 040 |
_aBR-BrBNA _bpor _cBiblioteca Nacional de Agricultura |
||
| 072 | _aA50; F00 | ||
| 090 |
_aA50 _bBR7702857 |
||
| 110 | 1 |
_aUnidade de Execucao de Pesquisa de Ambito Estadual de Bacabal, MA (Brasil) _910345 |
|
| 245 | 1 |
_aRelatorio trimestral [Unidade de Execucao de Pesquisa de Ambito Estadual de Bacabal; Pesquisa agricola; Producao vegetal; Administracao de pesquisa; Maranhao; Brasil] _b4. TRIMESTRE 1977 |
|
| 260 | 3 |
_aBacabal, MA (Brasil): _c1977. |
|
| 300 | _a20 p. | ||
| 490 |
_aRelatorio Trimestral - Unidade de Execucao de Pesquisa de Ambito Estadual de Bacabal (Brazil) _vv. 1(1) |
||
| 650 | _aPesquisa agricola | ||
| 650 | _aProducao vegetal | ||
| 650 | _aAdministracao de pesquisa | ||
| 650 | _aMaranhao | ||
| 942 |
_2AGRIS _n0 _cMS |
||
| 999 |
_c267289 _d267289 |
||